[Event "POL-ch (Women) 57th"]
[Site "Sroda Wielkopolska"]
[Date "2003.03.05"]
[Round "7"]
[White "Nowak, Dominika"]
[Black "Socko, Monika"]
[Result "1-0"]
[WhiteElo "2098"]
[BlackElo "2381"]
[PlyCount "129"]
[EventDate "2003.02.26"]
[EventType "tourn"]
[EventRounds "11"]
[EventCountry "POL"]
[EventCategory "1"]
[SourceTitle "EXT 2004"]
[Source "ChessBase"]
[SourceDate "2003.11.25"]
[SourceVersion "1"]
[SourceVersionDate "2003.11.25"]
[SourceQuality "1"]

1. e4 e6 2. d4 d5 3. Nd2 Nf6 4. e5 Nfd7 5. f4 c5 6. c3 Nc6 7. Ndf3 Qb6 8. h4 cxd4 9. cxd4 Bb4+ 10. Kf2 f6 11. Be3 Be7 12. Qd2 a5 13. Ne2 a4 14. Nc3 0-0 15. Kg1 Qb4 16. Bd3 Nb6 17. Qe2 f5 18. a3 Qb3 19. Rb1 Nc4 20. Bc2 Qb6 21. Nxa4 Qa5 22. Bf2 b5 23. Nc5 b4 24. a4 Nxd4 25. Nxd4 Bxc5 26. b3 Na3 27. Rc1 Ba6 28. Bd3 Bxd3 29. Qxd3 Rfe8 30. Kh2 Qb6 31. Kg3 Rac8 32. Rhd1 Kh8 33. Kf3 Qb7 34. Ke2 Bb6 35. Rxc8 Rxc8 36. Nxe6 d4 37. Qxf5 Qxg2 38. Nxd4 Rc2+ 39. Kd3 Rc3+ 40. Ke2 Rc2+ 41. Kd3 Rc3+ 42. Ke2 Qa8 43. Qg4 Qe4+ 44. Kf1 Bxd4 45. Bxd4 Rc2 46. Bf2 h6 47. Kg1 Rc6 48. Re1 Qd5 49. e6 Rc8 50. Qg6 Qd6 51. f5 Nc2 52. f6 gxf6 53. Qxh6+ Kg8 54. Qg6+ Kh8 55. e7 Nxe1 56. e8Q+ Rxe8 57. Qxe8+ Kg7 58. Qxe1 Qf4 59. Qe3 Qf5 60. Qe7+ Kg8 61. Qxb4 Qb1+ 62. Kh2 Qb2 63. Qg4+ Kf7 64. Qf3 f5 65. h5 1-0

[Event "POL-ch sf (Women)"]
[Site "Lubniewice"]
[Date "2002.12.08"]
[Round "9"]
[White "Nowak, Dominika"]
[Black "Kupczyk, Edyta"]
[Result "1/2-1/2"]
[WhiteElo "2060"]
[BlackElo "2047"]
[PlyCount "20"]
[EventDate "2002.11.30"]
[EventType "swiss"]
[EventRounds "9"]
[EventCountry "POL"]
[SourceTitle "CBM 091 Extra"]
[Source "ChessBase"]
[SourceDate "2003.01.09"]
[SourceVersion "1"]
[SourceVersionDate "2003.01.09"]
[SourceQuality "1"]

1. e4 c5 2. c4 Nc6 3. Nc3 g6 4. g3 Bg7 5. Bg2 d6 6. Nge2 e6 7. 0-0 Nge7 8. Rb1 0-0 9. a3 b5 10. b3 Nd4 1/2-1/2